000 00395nam a2200157Ia 4500
008 210716s1991 xx 000 0 und d
020 _a0674268636
041 _aeng
082 _a174 TAYC
100 _aTaylor, Charles.
245 _aEthics of authenticity.
250 _a1
260 _aLondon
_bHarvard University Press
_c1991
300 _a142
650 _aEthics (Moral philosophy)(170)
999 _c206266
_d206266